书目信息 |
| 题名: |
江户大名
|
|
| 作者: | 大石慎三郎 主编 ;郭永钦 译 | |
| 分册: | ||
| 出版信息: | 长春 吉林出版集团有限责任公司 2017重印 |
|
| 页数: | 342页 | |
| 开本: | 22cm | |
| 丛书名: | 事典 | |
| 单 册: | ||
| 中图分类: | K313.36 | |
| 科图分类: | ||
| 主题词: | 历史--li shi--日本--江户时代 | |
| 电子资源: | ||
| ISBN: | 978-7-5463-4764-6 | |
| 000 | 00882nam 2200277 45 | |
| 001 | 012001011092 | |
| 005 | 20140105103544.0 | |
| 010 | @a978-7-5463-4764-6@dCNY49.80 | |
| 099 | @aCAL 012011271647 | |
| 100 | @a20110622d2011 km y0chiy50 ea | |
| 101 | 1 | @achi@cjpn |
| 102 | @aCN@b220000 | |
| 105 | @aak z 000yy | |
| 106 | @ar | |
| 200 | 1 | @a江户大名@Ajiang hu da ming@f(日) 大石慎三郎主编@g郭永钦译 |
| 210 | @a长春@c吉林出版集团有限责任公司@d2017重印 | |
| 215 | @a342页@c图@d22cm | |
| 225 | 2 | @a事典@Ashi dian |
| 330 | @a本书主要内容包括:幕阁大名盛衰记、御家骚动始末、废绝大名务泪列传、特色大名言行录等。 | |
| 410 | 0 | @12001@a事典 |
| 606 | 0 | @a历史@Ali shi@y日本@z江户时代 |
| 690 | @aK313.36@v4 | |
| 701 | 0 | @a大石慎三郎@Ada shi shen san lang@4主编 |
| 702 | 0 | @a郭永钦@Aguo yong qin@4译 |
| 801 | 2 | @aCN@b上海新华@c20191020 |
| 905 | @b1137908-11@dK313.36@e83@f4 | |
| 江户大名/(日) 大石慎三郎主编/郭永钦译.-长春:吉林出版集团有限责任公司,2017重印 |
| 342页:图;22cm.-(事典) |
| ISBN 978-7-5463-4764-6:CNY49.80 |
| 本书主要内容包括:幕阁大名盛衰记、御家骚动始末、废绝大名务泪列传、特色大名言行录等。 |
| ● |
| 相关链接 |
|
|
|
|
正题名:江户大名
索取号:K313.36/83
 
预约/预借
| 序号 | 登录号 | 条形码 | 馆藏地/架位号 | 状态 | 备注 |
| 1 | 1137908 | 211379088 | 第二样本阅览室/ [索取号:K313.36/83] | 在馆 | |
| 2 | 1137909 | 211379097 | 第二借阅区/ [索取号:K313.36/83] | 在馆 | |
| 3 | 1137910 | 211379104 | 第二借阅区/ [索取号:K313.36/83] | 在馆 | |
| 4 | 1137911 | 211379113 | 第二借阅区/ [索取号:K313.36/83] | 在馆 |